000 00955 a2200217 4500
005 20260402163541.0
008 260402b |||||||| |||| 00| 0 eng d
020 _a9789387187344 (hbk)
037 _cTB
040 _aCRL
_cCRL
041 _2hin
_ahin
084 _aV2y7M69 Q8
_qCRL
245 _aमेरी कहानी:
_bगाँधी की कहानी गाँधी की जुबानी
260 _aनयी दिल्ली, भारत:
_bनयी किताब प्रकाशन,
_c2018.
300 _a262पृ.
650 _aमहात्मा गाँधी
_91132600
650 _aभारत इतिहास
700 _aराय, मनोज कुमार
_eसम्पादक
_9862114
942 _cTB
_2CC
_hV2y7M69 Q8
999 _c1467006
_d1467006